01240cam a2200301 a 450000100060000000300080000600500170001400800410003103500200007204000320009204100080012405100380013205101130017005101510028308200180043410000290045224500970048126000490057830000290062750000740065651000140073060000270074465500250077165500250079665500290082170000190085071000690086920245BD-RjUL20211209000535.0140227s1906 enka 000 1 eng d a(BD-RjUL) 20307 aDLCcDLCdDLCdBD-RjULbeng aeng aPS1322b.E84 1906 Copy 2cCopy 2. aPS1322b.E84 1906 Copy 3cCopy 3. Without period on t.p. Source: Gift of Frances R. Friedman, June 15, 1992. aPS1322b.E84 1906 Copy 4cCopy 4. With period on t.p. In quarter leather protective slip case. Source: Gift of Frances R. Friedman, June 15, 1992.00a828bTWE 19061 aTwain, Mark,d1835-1910.10aEve's diary /ctranslated from the original ms. by Mark Twain ; illustrated by Lester Ralph. aLondon ;aNew York :bHarper & Bros.,c1906. a109 p. :bill. ;c21 cm. aBAL notes that t.p. occurs both with, and without, period after "ms".4 aBALc348900aEvec(Biblical figure) 7aDiary fiction.2lcsh 7aDiary fiction.2lcsh 7aHumorous stories.2gsafd1 aRalph, Lester.2 aRoy J. Friedman Mark Twain Collection (Library of Congress)5DLC